| 000 | 02338cam a22004934i 4500 | ||
|---|---|---|---|
| 003 | PE-LiUPU | ||
| 005 | 20250731165528.0 | ||
| 008 | 150623s r 000 0 d | ||
| 020 | _a8470500449 | ||
| 035 | _a(Sirsi) i9788470500442 | ||
| 040 |
_aPE-LiUPU _bspa _cPE-LiUPU _erda |
||
| 049 | _aPRUA | ||
| 082 | 0 | 4 |
_a270.9 _bH _221 |
| 100 | 1 |
_aWillert, Leopoldo, _eautor. |
|
| 245 | 1 | 3 |
_aLa restauración católica. _n20 / _cLeopoldo Willert. |
| 264 | 1 |
_aValencia, España : _bEdicep, _c1976. |
|
| 300 |
_a624 páginas : _bil., fotos ; _c28 centímetros |
||
| 336 |
_atext _2rdacontent |
||
| 337 |
_aunmediated _2rdamedia |
||
| 338 |
_avolume _2rdacarrier |
||
| 490 | 0 |
_aHistoria de la iglesia ; _v20 |
|
| 505 | 0 | _aLa época postridentina. -Los papas y la restuarción. -La curia romana y la reforma. -La gerarquía episcola y el alto clero diocesano en la restauración. -El clero inferior. -El mundo de los religiosos; las órdenes antiguas. -Las nuevas órdenes, congregacinales y asociasiones masculinas. -órdenes y asociaciones femeninas. -Terceras órdenes y asociasiones piadosas. -La teología. Centro de estudios. -Nueva orientación en los métodos y en el concepto de teología. - Los criteris de fe y las fuentes teológicas. -Las notas de la iglesia. -La autoridad pontificia. -Elementos del anti-romanismo. -El anti-romanismo en España y Portugal. -El anti-romanismo fuera de Francia y España. -Las relaciones iglesia - estado. | |
| 526 | _aSEG44 | ||
| 526 | _aSEG26 | ||
| 526 | _aP151 | ||
| 526 | _aP150 | ||
| 526 | _aP149 | ||
| 526 | _aP146 | ||
| 526 | _aP145 | ||
| 526 | _aP126 | ||
| 526 | _aP125 | ||
| 526 | _aP92 | ||
| 526 | _aP75 | ||
| 526 | _aP74 | ||
| 526 | _aP27 | ||
| 526 | _aP15 | ||
| 650 | 0 | 4 |
_aIglesia _xHistoria _yContrareforma. |
| 942 |
_2ddc _cBOOK |
||
| 949 |
_aRC 270.9 H 20 _wDEWEY _c1 _i15319 _lCCODEBUL1 _mBUL _r0 _sY _tBOOK _u2015-6-24 _xTEOLOGIA _PP35 _0COMPRA _o.CIRCNOTE. No olvidar cambiar la fecha de devolución!!!!!!! _o.STAFF. Colección General |
||
| 994 |
_aC0 _bPEPRU |
||
| 596 | _a1 | ||
| 999 |
_aRC 270.9 H 20 _wDEWEY _c36512 _i15319 _d36512 _f2021-11-8 _g6 _lCCODEBUL1 _mBUL _q2 _r1 _sY _tBOOK _u2015-6-24 _xTEOLOGIA _PP35 _0COMPRA _o.CIRCNOTE. No olvidar cambiar la fecha de devolución!!!!!!! _o.STAFF. Colección General |
||
| 980 |
_81 _gALBERTO SANCHEZ Responsable de Automatización |
||